মেমসাহেব / (Record no. 9911)

MARC details
000 -LEADER
fixed length control field 00611nam a22001937a 4500
001 - CONTROL NUMBER
control field BD-DhSAU 9911
003 - CONTROL NUMBER IDENTIFIER
control field BD-DhSAU
005 - DATE AND TIME OF LATEST TRANSACTION
control field 20150625122021.0
008 - FIXED-LENGTH DATA ELEMENTS--GENERAL INFORMATION
fixed length control field 150625b1981 bg ||||r|||| 000 0 ben d
040 ## - CATALOGING SOURCE
Original cataloging agency BD-DhSAU
082 ## - DEWEY DECIMAL CLASSIFICATION NUMBER
Edition number 22
Classification number ---
Item number ভট্টামে
100 ## - MAIN ENTRY--PERSONAL NAME
Personal name ভট্টাচার্য, নিমাই
245 ## - TITLE STATEMENT
Title মেমসাহেব /
Statement of responsibility, etc. নিমাই ভট্টাচার্য
260 ## - PUBLICATION, DISTRIBUTION, ETC. (IMPRINT)
Place of publication, distribution, etc. ঢাকা :
Name of publisher, distributor, etc. অনুপম,
Date of publication, distribution, etc. ১৯৮১.
300 ## - PHYSICAL DESCRIPTION
Extent ১৫৮ প. :
Dimensions ২১ সেমি
590 ## - Name of Cataloguer
Name of Cataloger joy
650 ## - SUBJECT ADDED ENTRY--TOPICAL TERM
Topical term or geographic name as entry element উপন্যাস
942 ## - ADDED ENTRY ELEMENTS (KOHA)
Source of classification or shelving scheme Dewey Decimal Classification
Koha item type Book
Holdings
Withdrawn status Lost status Source of classification or shelving scheme Damaged status Not for loan Collection code Coded location qualifier Home library Branch Name Date acquired Coded location qualifier Total Checkouts Full call number Barcode Date last seen Date checked out Price effective from Koha item type Shelving location
    Dewey Decimal Classification     Fiction | SAU Library SAU Library 25/06/2015 | 1 --- ভট্টামে 20482 08/05/2023 13/04/2023 25/06/2015 Book  
    Dewey Decimal Classification   Not For Loan Non-fiction   SAU Library SAU Library 27/06/2015     --- ভট্টামে 20483 27/06/2015   27/06/2015 Book Reference